LEADER 01512nam a2200253 u 4500 001 000000018332 003 CaOOAMICUS 005 20070226110649.0 008 950101m19761977it u000 u ita u 035 $a10433333 040 $aPUL(R)$bita 110 1 $aItalia.$bParlamento.$bCamera dei deputati.$0(OLS)http://pul/name/1279 245 10$aDocumentazione allegata alla relazione conclusiva della commissione parlamentare d'inchiesta sul fenomeno della mafia in Sicilia (doc. XXIII n. 2 - VI legislatura) /$cCamera dei deputati. 260 $a[Roma] :$bTip. del Senato,$c1976-1977. 300 $a3 v. ;$c29 cm 500 $aTesto su due colonne. 650 4$aMafia.$0(OLS)http://pul/subject/12684 850 $aPUL 852 $aPUL$W1$xSL Diritto e Scienze Sociali 1$y4$m176 L 27-29$j25821$nBK-PRI$b $qStampati$B25821$CPULBib$Z2$F25821 $H $81 852 $aPUL$W1$xSL Diritto e Scienze Sociali 1$y4$m176 L 27-29$j25821$nBK-PRI$b $qStampati$B25822$CPULBib$Z2$F25822 $H $81 852 $aPUL$W1$xSL Diritto e Scienze Sociali 1$y4$m176 L 27-29$j25821$nBK-PRI$b $qStampati$B25823$CPULBib$Z2$F25823 $H $81 941 1 $a8 996 $6245$aDocumentazione allegata alla relazione conclusiva della commissione parlamentare d'inchiesta sul fenomeno della mafia in Sicilia (doc. XXIII n. 2 - VI legislatura)$9(OLS)http://pul/title/26135 996 $6260$a[Roma] :$bTip. del Senato$9(OLS)http://pul/publisher/55693 LEADER 01808nam a2200301 u 4500 001 000000109488 003 CaOOAMICUS 005 20080206105218.0 008 080206s1914 it u000 u grc u 040 $aPUL(R)$bita$dBc 041 0 $agrc$aita 100 0 $aHomerus,$dsec. VIII a.C.$0(OLS)http://pul/name/7026 240 10$aOdyssea$lGreco.$0(OLS)http://pul/title/137724 245 13$aIl libro VII dell'Odissea /$cOmero ; con note italiane del prof. Salvatore Rossi. 260 $aLivorno :$bRaffaello Giusti,$c1914. 300 $avi, 31 p. ;$c19 cm. 501 $aSta con: Il libro I dell'Odissea / Omero ; con note italiane del prof. Salvatore Rossi -- Il libro II dell'Odissea / Omero ; con note italiane del prof. Gaetano Gigli -- Il libro III dell'Odissea / Omero ; con note italiane del prof. Salvatore Rossi -- Il libro IV dell'Odissea / Omero ; con note italiane del prof. Gaetano Gigli -- Il libro V dell'Odissea / Omero ; con note italiane del prof. Salvatore Rossi -- Il libro VI dell'Odissea / Omero ; con note italiane del prof. Salvatore Rossi -- Il libro VIII dell'Odissea / Omero ; con note italiane del prof. Salvatore Rossi . 700 1 $aRossi, Salvatore.$0(OLS)http://pul/name/37404 700 0 $aHomerus,$dsec. VIII a.C.$tOdyssea.$0(OLS)http://pul/nameTitle/271$0(OLS)http://pul/name/7026$0(OLS)http://pul/title/132000 850 $aPUL 852 $aPUL$W1$xDP1 Cons. Gen., Altre Classi 1$y22$m242 C 14.int.7$j125212$aLibro VII$qStampati$B123942$CPULBib$Z2$F123942 $82 900 $aHomer$97026 900 $aOmero$dsec. VIII a.C.$97026 900 $aHomer$97026 900 $aOmero$dsec. VIII a.C.$97026 941 1 $a8 996 $6245$aIl libro VII dell'Odissea$9(OLS)http://pul/title/137735 996 $6260$aLivorno :$bRaffaello Giusti$9(OLS)http://pul/publisher/72290